Statistics for NBA 2018-19 October Players 15 Rebounds Games

Click here to take the quiz!

General Stats

  • This quiz has been taken 17 times
  • The average score is 21 of 26

Answer Stats

PlayerTeam#% Correct
Andre DrummondPistons4
100%
Giannis AntetokounmpoBucks4
100%
Hassan WhitesideHeat4
100%
Joel Embiid76ers2
100%
Karl-Anthony TownsTimberwolves3
100%
LaMarcus AldridgeSpurs1
100%
Rudy GobertJazz2
100%
Russell WestbrookThunder1
100%
Steven AdamsThunder1
100%
Anthony DavisPelicans1
94%
Blake GriffinPistons1
94%
Clint CapelaRockets1
94%
Jusuf NurkicTrail Blazers1
94%
Kevin LoveCavaliers2
94%
DeAndre JordanMavericks5
88%
Aaron GordonMagic1
82%
Ben Simmons76ers1
82%
JaVale McGeeLakers1
82%
Enes KanterKnicks2
76%
Nikola VucevicMagic1
76%
Domantas SabonisPacers1
71%
Paul MillsapNuggets1
65%
Al-Farouq AminuTrail Blazers2
47%
Pascal SiakamRaptors1
35%
Nerlens NoelThunder1
29%
DeAndre' BembryHawks1
6%

Score Distribution

Percentile by Number Answered

Percent of People with Each Score

Your Score History

You have not taken this quiz